Defesa Prt̀ica do Consumidor

Bibliographic Details
Main Author: Ferreira Mendes Bonfim, Cleidiane Araj︢o
Format: Book
Language:Portuguese
Published: Brasil Editora Mundo Jurd̕ico 2014
Subjects:
Online Access:Acceso restringido

MARC

LEADER 00000nam a22000007a 4500
005 20160309133936.0
007 cr|||| ||u|
008 160309s2014 bl |||||||||||00||0|por d
020 |a 978-85-8085-046-8 
035 |a 14009 
040 |a vLex 
090 |c 5958  |d 5958 
100 1 |a Ferreira Mendes Bonfim, Cleidiane Araj︢o 
245 1 0 |a Defesa Prt̀ica do Consumidor  |h [Recurso electrn̤ico] /   |c Cleidiane Araj︢o Ferreira Mendes Bonfim  
256 |a Servicio en ln̕ea  
260 |a Brasil   |b Editora Mundo Jurd̕ico  |c 2014 
300 |a 1 recurso electrn̤ico (1® Ediȯ̂ 480 pg̀s) 
506 1 |a Contenido solo disponible en los productos indicados  |d vLex Global  |d vLex Global (Academic Edition, excluding Law Schools)  |d vLex Global (U.S. Academic Edition, Law Schools)  |d vLex Global (U.S. Academic Edition, excluding Law Schools)  |d vLex Global (Academic Edition, Law Schools) 
650 0 4 |a Consumidores  |z Law 
740 0 |a vLex libros (servicio en ln̕ea)  
856 4 0 |u http://vlex.com/source/defesa-pratica-consumidor-14009  |z Acceso restringido  
942 |c BOOK 
999 0 |a Consumers